|
|
|
|
| LEADER |
01186nam a2200265 a 4500 |
| 008 |
100525s2008 enk b 001 0 eng d |
| 020 |
|
|
|a 1846841771
|
| 020 |
|
|
|a 9781846841774
|
| 040 |
|
|
|a UKM
|c UKM
|d YDXCP
|d BWKUK
|d BAKER
|d DLC
|d BD-DhAAL
|
| 082 |
0 |
4 |
|a 820.9003
|2 22
|
| 100 |
1 |
|
|a Hopkins, Lisa,
|d 1962-
|
| 245 |
1 |
0 |
|a Renaissance literature and culture /
|c Lisa Hopkins and Matthew Steggle.
|
| 250 |
|
|
|a Viva Continuum edition.
|
| 260 |
|
|
|a London ;
|a New York :
|b Continuum,
|c c2008.
|
| 300 |
|
|
|a 144 p. ;
|c 23 cm.
|
| 490 |
0 |
|
|a Introductions to British literature and culture series
|
| 504 |
|
|
|a Includes bibliographical references (p. [127]-138) and index.
|
| 541 |
1 |
|
|e 00020289
|
| 650 |
|
0 |
|a English literature
|y Early modern, 1500-1700
|x History and criticism.
|
| 650 |
|
0 |
|a Literature and society
|z Great Britain
|x History
|y 16th century.
|
| 650 |
|
0 |
|a Literature and society
|z Great Britain
|x History
|y 17th century.
|
| 700 |
1 |
|
|a Steggle, Matthew.
|
| 852 |
4 |
|
|a Ayesha Abed Library
|j General shelf
|
| 999 |
|
|
|c 8710
|d 8710
|
| 952 |
|
|
|0 0
|1 4
|2 ddc
|4 0
|6 820_900300000000000_HOP
|7 0
|9 10509
|a BRACUL
|b BRACUL
|c GEN
|d 2010-05-25
|l 0
|o 820.9003 HOP
|p 3010020289
|r 2010-05-25
|t 1
|w 2010-05-25
|y BK
|x Koha Inventory 2020
|